Регионална библиотека "Любен Каравелов" - Русе

Образи на Климент Охридски (Запис номер 94180)

MARC детайли
000 -Лидер
Контролно поле с фиксирана дължина nam a22 a 4500
003 - Код на организацията, давaща контролен номер
Контролно поле BLK
005 - Дата и час на последна редакция
Контролно поле 20220609104237.0
008 - Елементи от данни с фиксирана дължина
fixed length control field 180408b bul|||||r ||||||| ||bul||
010 ## - Наследен системен номер
LC control number KNG00098998000
040 ## - Източник на каталожния запис
Идентификатор на билиотеката - собственик на записа BLK
041 ## - Код за език
Код за езика на текст/звукозапис или на отделно заглавие Български
Код за езика КДБФ Български
080 ## - УДК
Текстов определител УДК Живопис - Портрети
УДК код - определител по УДК 75.041.5
УДК определител (497.2)(092)
УДК - код + определител 75.041.5(497.2)(092)
080 ## - УДК
Текстов определител УДК Ученик на Св. св. Кирил и Методий. Средновековен учен и първият епископ, проповядвал на старобългарски език
УДК код - определител по УДК 929 Климент Охридски, св.
УДК - код + определител 929 Климент Охридски, св.
100 1# - Редна дума - Автор
Автор Василиев, Асен Петров
Авторска отговорност първи автор
R(LIN) 373949
139 ## - Редно поле
Редна дума Василиев, Асен Петров и др.
Авторски знак Клим - К 64
245 10 - Сведения за заглавието
Заглавие Образи на Климент Охридски
Редно поле (дума) Асен Петров Василиев; съавт. Ирина А. Василиева
257 ## - Страна на издаване
Страна на създаване/издаване България
260 ## - Област на издателските данни
Място на издаване, разпространение и проч. София
Име на издателя, разпространителя и проч. Бълг. художник
Година на издаване 1967
Печатница София : ДП Г. Димитров
300 ## - Физическа характеристика
Страници 41 с.
Илюстрации и др. с ил., 19 л. : репрод.
Размери/Мащаб 23 см
380 ## - Жанр
Жанр Изкуство
500 ## - Общи забележки
Забележка Рез. на рус., фр., нем., англ. ез.
504 ## - Забележка за наличие на библиография и др
Забележка за наличие на библиография и под. Библиогр. с. 25-26
600 14 - Име на лице, използвано като предмет
За него / За нея Климент Охридски, св.
9 (RLIN) 276287
650 #4 - Допълнително описание по предмет – тема
Основно описание – тема или топоним Портретна живопис, българска
9 (RLIN) 242599
650 #4 - Допълнително описание по предмет – тема
Основно описание – тема или топоним Климент Охридски, св.
9 (RLIN) 276287
653 ## - Ключова дума – ненормативна
Ключова дума портрети
653 ## - Ключова дума – ненормативна
Ключова дума св. Климент Охридски
653 ## - Ключова дума – ненормативна
Ключова дума икони
700 1# - Други автори (авторска отговорност)
Лично име Василиева, Ирина А.
Автороска отговорност (Описва отношението между автора и произведението) съавт.
9 (RLIN) 305807
852 ## - Местоположение
Форматна сигнатура Цб 42390
856 4# - Електронен адрес и достъп
Електронен формат pdf - файл
856 4# - Електронен адрес и достъп
Електронен формат pdf - файл
999 ## - СИСТЕМНИ КОНТРОЛНИ НОМЕРА
Koha biblionumber 94180
Koha biblioitemnumber 94180
942 ## - АРТИКУЛИ
Вид на библиотечния материал Книги
Скрит в OPAC Не
Периодичен библиозапис Да
944 ## - СЪЗДАВАНЕ И РЕДАКЦИЯ на ЗАПИСА
Създаване/Редакция Създаване
Дата на регистрацията/редакция 20.01.2011
Статус, дата на статуса добави в АБ / 19.01.2011
Служител, извършил регистрацията/редакцията Ирена_Линкова
944 ## - СЪЗДАВАНЕ И РЕДАКЦИЯ на ЗАПИСА
Създаване/Редакция Редакция
Дата на регистрацията/редакция 2022-06-09
Статус, дата на статуса 2022-06-09
Наличности
Код за отписване Код за изгубен артикул Източник на класификационната схема Код за повреда Коз за рестрикции Код за отдаване Артикулен № Име на библиотеката - собственик Име на библиотеката, в която се намира в момента Статус (Текущо местоположение) Дата на вписване в системата Местоположение - отдел Цена в лева Инвентарен номер Систематично азбучна сигнатура Баркод Номер на екземпляра Цена в евро Служебна бележка Служебен тип на артикула
  Не е изгубен Universal Decimal Classification Не е повреден без рестрикции заемане за дома 151280 Регионална библиотека "Любен Каравелов" Русе Регионална библиотека "Любен Каравелов" Русе Отдел Изкуство - подръчен фонд 1967-01-01 Отдел Изкуство - подръчен фонд 1.49 13668/67 75.04/К 64 900000003924 1 0.76 Дост: Pk Вид: Ф N: стар фонд Дата: 01.01.1967 Дата инв: 07.06.2012 Бележки инв: * Книги
  Не е изгубен Universal Decimal Classification Не е повреден само за читалня ползва се в читалня 151281 Регионална библиотека "Любен Каравелов" Русе Регионална библиотека "Любен Каравелов" Русе Хранилище 1967-01-01 Хранилище 1.49 12925/67 Цб 42390 900000100463 2 0.76 Дост: Dp Вид: Д N: стар фонд Дата: 01.01.1967 Книги
Изтеглен Не е изгубен Universal Decimal Classification Не е повреден без рестрикции заемане за дома 151282 Регионална библиотека "Любен Каравелов" Русе Регионална библиотека "Любен Каравелов" Русе Отдел Изкуство - подръчен фонд 1967-01-01 Отдел Изкуство - подръчен фонд 1.49 567441 75.04/К 64 567441 3 0.76 Дост: Pk Вид: Ф N: стар фонд Дата: 01.01.1967 Дата инв: 16.02.2015 Бележки инв: ИП2015 Книги
  Не е изгубен Universal Decimal Classification Не е повреден само за читалня ползва се в читалня 151283 Регионална библиотека "Любен Каравелов" Русе Регионална библиотека "Любен Каравелов" Русе Хранилище 1967-01-01 Основен фонд - ползва се само за читалня 1.49 539414 Цб 42390 120000539414 4 0.76 Дост: DA Вид: А N: стар фонд Дата: 01.01.1967 Книги
Vip Innovations Ltd, Rousse, Bulgaria 2025